Aspectos bioéticos de el código del menor en República Dominicana /
El trabajo tiene como fin evaluar la existencia de bioética en el Código del Menor en lo concerniente a salud en el aspecto de educación sexual y reproductiva del adolescente para lo que se analizan los contenidos del código y se entrevista a adolescentes y ginecólogos. Se trata de determinar si el...
में बचाया:
| मुख्य लेखक: | |
|---|---|
| अन्य लेखक: | , |
| स्वरूप: | मूलपाठ |
| विषय: | |
| टैग: |
टैग जोड़ें
कोई टैग नहीं, इस रिकॉर्ड को टैग करने वाले पहले व्यक्ति बनें!
|
MARC
| LEADER | 00000 a a2200000 04500 | ||
|---|---|---|---|
| 001 | 2928 | ||
| 003 | |||
| 040 | |||
| 100 | |a Ramírez, David | ||
| 245 | |a Aspectos bioéticos de el código del menor en República Dominicana / |c David Ramírez | ||
| 520 | |a El trabajo tiene como fin evaluar la existencia de bioética en el Código del Menor en lo concerniente a salud en el aspecto de educación sexual y reproductiva del adolescente para lo que se analizan los contenidos del código y se entrevista a adolescentes y ginecólogos. Se trata de determinar si el Código es capaz de suplir las necesidades que presentan los adolescentes en lo concerniente al sexo. Se llegó a la conclusión de que el tema de la salud sexual reproductiva de las y llos adolescentes no se contempla en el Código | ||
| 650 | |a ADOLESCENTES | ||
| 650 | |a SEXUALIDAD | ||
| 650 | |a BIOETICA | ||
| 650 | |a ASPECTOS JURIDICOS | ||
| 650 | |a EMBARAZO | ||
| 650 | |a ENFERMEDADES DE TRANSMISION SEXUAL | ||
| 650 | |a MEDICOS | ||
| 650 | |a REPUBLICA DOMINICANA | ||
| 700 | |a Santos, Diógenes | ||
| 700 | |a Suazo, Miguel | ||
| 773 | |g volumen 31, número 4; páginas 664-683 | ||
| 999 | |c 23171 |d 23171 | ||
